000 00565nam a22002057a 4500
003 OSt
005 20140310182837.0
008 130606t xxu||||| |||| 00| 0 eng d
020 _a0801990475
050 _aTT 778
_b.D911 1997
082 _aM 746.44
_bD96 1997
245 _aMore Ribbon embroidery by machine
_cDuncan, Marie; Farrell, Betty
260 _aIola, WI :
_bKrause Publications,
_cc1997.
300 _a91 p.
_bcol. : ill. ;
_c27 cm.
521 _aCollege Students
526 _c1210L-1700L
541 _j1
562 _e1
942 _2lcc
_cBK
_kM
999 _c16773
_d16773